| 000 | 00593nam a2200193 4500 | ||
|---|---|---|---|
| 001 | 121326 | ||
| 003 | ES-MaACL | ||
| 005 | 20250822063159.0 | ||
| 007 | t| | ||
| 008 | 070214s1971 sp r ||||1| cat d | ||
| 100 | 1 |
_aPla, Josep, _d1897-1981 _9164614 |
|
| 245 | 1 | 0 |
_aGuía de Catalunya / _ctext de Josep Pla ; fotografías de Francesc Catalá Roca. |
| 250 | _a1ª ed. | ||
| 260 |
_aBarcelona : _bDestino, _c1971. |
||
| 300 |
_a437 p., 22 lám. : _bil. + _e2 map. |
||
| 700 | 1 |
_aCatalà-Roca, Francesc. _937014 |
|
| 852 |
_aES-MaACL _jC-41397 _bR.79863 |
||
| 999 |
_c121326 _d121326 |
||